Themed General Knowledge Questions #23 - Statistics

General Stats
  • This quiz has been taken 38 times
  • The average score is 6 of 10
Answer Stats
Question Answer % Correct
What is necrophobia the fear of? Death/dead things
91%
What is the northern-most world capital? Reykjavík
91%
What country had a leader who went for a swim and disappeared? Australia
83%
What author wrote books that contained the fictional world of Narnia? C.S Lewis
80%
What is the lowest member of the brass group? Tuba
63%
What has the chemical formular of NH3? Ammonia
60%
How many Adam and Eve's children have been named in the Bible? 3
51%
Where is the strongest human muscle? Jaw
40%
What fruit is known to temporarily make fingerprints disappear? Pineapples
26%
What is 'the loneliest number' + 'the meaning of life, the universe and everything'? 43
20%
No matching quizzes found
Score Distribution
Percent of People with Each Score
Percentile by Number Answered
Your Score History
You have not taken this quiz